000 00290nam a2200121Ia 4500
008 241002s9999 xx 000 0 und d
082 _a808.83 SHA
100 _aShaw Bernand
245 4 _aThe Black Girl in Search of God
260 _aNew York:
_c1952
600 _aLiterature
942 _cUC
999 _c18661
_d18661